Developing Countries in the World Trading System: the Uruguay Round and Beyond /
Guardado en:
| Autor principal: | |
|---|---|
| Otros Autores: | |
| Formato: | Texto |
| Etiquetas: |
Agregar Etiqueta
Sin Etiquetas, Sea el primero en etiquetar este registro!
|
MARC
| LEADER | 00000 a a2200000 04500 | ||
|---|---|---|---|
| 001 | 18633 | ||
| 003 | |||
| 040 | |||
| 100 | |a Adhikari, Ramesh | ||
| 245 | |a Developing Countries in the World Trading System: |b the Uruguay Round and Beyond / |c Ramesh Adhikari | ||
| 500 | |a Datos de edición: Cheltenham, Edwand Elgar Publishers, 2002. 214 p | ||
| 700 | |a Athukorala, Prema - chandra |a Kleinberg, Remonda Bensabat |a reseñadora | ||
| 773 | |g volumen 15, número 1; páginas 209-211 | ||
| 999 | |c 27718 |d 27718 | ||
